| 000 | 00837nam a2200325Ia 4500 | ||
|---|---|---|---|
| 001 | 84611 | ||
| 003 | IT-RoPAU | ||
| 008 | 130308s9999 xx 000 0 und d | ||
| 040 | _aIT-RoPAU | ||
| 040 | _cIT-RoPAU | ||
| 041 | _aITALIANO | ||
| 100 | _aBarosso P. | ||
| 100 | _gCodice Aut. SPICS: 29441 | ||
| 245 | _aCome si fa | ||
| 245 | _bGino Paoli | ||
| 250 | _a1a ed. | ||
| 260 | _aMILANO | ||
| 260 | _bRicordi | ||
| 260 | _c1988 [1° Ed.:1988 - Ed.Ling.Originale:1969] | ||
| 300 | _a"3 p. (prefazione: no ; testo: 3 [pagine: 15-17])" | ||
| 500 | _aMusica di Gino Paoli Parole di Gino Paoli e P. Barosso | ||
| 650 | _aAUTORI/OPERE DI MUSICA | ||
| 650 | _eCodice materia Spics: 7007 | ||
| 700 | _aPaoli Gino | ||
| 700 | _gCodice Aut. SPICS: 11057 | ||
| 942 | _cBK | ||
| 957 | _71 | ||
| 999 |
_c58667 _d58667 |
||
| 999 | _bSI | ||
| 999 | _g1 | ||